| 000 | 00951nam a2200253Ia 4500 | ||
|---|---|---|---|
| 003 | OSt | ||
| 005 | 20210513121727.0 | ||
| 008 | 210310s1995 cl ad gr 000 0 spa d | ||
| 020 | _a9213214146 | ||
| 040 |
_aCO-JMCR _cCO-JMCR |
||
| 041 | 0 | _aspa | |
| 082 | 0 | 4 |
_a330.98048 / _bN124a _223 |
| 110 | 2 |
_aNaciones Unidas _937599 |
|
| 245 | 1 | 0 |
_aAmérica Latina y el Caribe : _bpolíticas para mejorar la inserción en la economía mundial / |
| 260 |
_aSantiago de Chile : _bCepal, _c1995. |
||
| 300 |
_a314 páginas : _bilustraciones y gráficas en blanco y negro ; _c27 cm. |
||
| 501 | _aCon: notas a pie de página. | ||
| 504 | _abibliografía: páginas 299-314. | ||
| 505 | 0 | _aPolítica comercial. -- Políticas de desarrollo económico. | |
| 650 | 1 | 4 |
_aPolítica económica _zAmérica Latina y del Caribe. _937608 |
| 650 | 2 | 4 |
_aEconomía mundial _937247 |
| 650 | 2 | 4 |
_aExportaciones _zAmérica Latina y del Caribe. _937602 |
| 942 |
_2ddc _cBK |
||
| 999 |
_c11713 _d11713 |
||